000 00222nam a2200097Ia 4500
005 20251222114348.0
008 251222s1900||||xx |||||||||||||| ||spa||
082 _aDVD0070/K53/1989/T.1
245 0 _aEl Decálogo:
942 _cDVD
999 _c1124
_d1124